|
|
|
|
| LEADER |
00828nam a2200301 4500 |
| 001 |
DLU030024042 |
| 005 |
##20001003105105.0 |
| 008 |
##000605s2001 njua 001 0 eng |
| 010 |
# |
# |
|a 00044108
|
| 020 |
# |
# |
|a 0130178586
|
| 040 |
# |
# |
|a DLC
|c DLC
|d DLC
|
| 050 |
# |
# |
|a QD251.2
|b .B784 2001
|
| 082 |
# |
# |
|a 547
|b BR-P
|
| 100 |
# |
# |
|a Bruice, Paula Yurkanis,
|d 1941-
|
| 245 |
# |
# |
|a Organic chemistry /
|c Paula Yurkanis Bruice.
|
| 250 |
# |
# |
|a 3rd ed.
|
| 260 |
# |
# |
|a Upper Saddle River, N.J. :
|b Prentice Hall,
|c c2001.
|
| 300 |
# |
# |
|a 1 v. (various pagings) :
|b ill. (some col.) ;
|c 26 cm.
|
| 500 |
# |
# |
|a Includes index.
|
| 650 |
# |
# |
|a Chemistry, Organic.
|
| 994 |
# |
# |
|a DLU
|
| 900 |
# |
# |
|a True
|
| 911 |
# |
# |
|a Phan Ngọc Đông
|
| 925 |
# |
# |
|a G
|
| 926 |
# |
# |
|a A
|
| 927 |
# |
# |
|a SH
|
| 980 |
# |
# |
|a Thư viện Trường Đại học Đà Lạt
|